000 00489nam a2200157Ia 4500
005 20250306060234.0
008 240331s9999 xx 000 0 und d
020 _a9789550811014
082 _bRAJ
_26702
_a920
100 _aRajadurai, A
245 0 _aNinaivup Peruveli:
_bOru Penn Pathirikkaiyalarin Manap Pathivukal
260 _aColombo,
_bExpress Newspapers (Ceylon) (Private) Limited
_c2011
300 _a264 p.,
500 _aThe mental impressions of a female journalist.
942 _cL
999 _c5739
_d5739